Online katalóg knižníc regiónu Turca

Žena (Record no. 20437)

MARC details
000 -LEADER
fixed length control field 01602cam a2200457 a 4500
001 - CONTROL NUMBER
control field 20437
003 - CONTROL NUMBER IDENTIFIER
control field VRT
005 - DATE AND TIME OF LATEST TRANSACTION
control field 20260122140602.0
008 - FIXED-LENGTH DATA ELEMENTS--GENERAL INFORMATION
fixed length control field 240226s1999 xo gr 000 j slo
015 ## - NATIONAL BIBLIOGRAPHY NUMBER
National bibliography number SNBA2004/03-02119
020 ## - INTERNATIONAL STANDARD BOOK NUMBER
International Standard Book Number 8088834554
035 ## - SYSTEM CONTROL NUMBER
System control number SNK000406352
035 ## - SYSTEM CONTROL NUMBER
System control number urn:nbn:sk:snk-am3iwjl
035 ## - SYSTEM CONTROL NUMBER
System control number 726E6EE4-E2A5-4635-BBE0-7DDFF0CE4565
035 ## - SYSTEM CONTROL NUMBER
System control number urn:nbn:sk:snk-am00g55p
039 #9 - LEVEL OF BIBLIOGRAPHIC CONTROL AND CODING DETAIL [OBSOLETE]
Level of rules in bibliographic description 202402261817
Level of effort used to assign nonsubject heading access points VLOAD
Level of effort used to assign subject headings 202205110850
Level of effort used to assign classification VLOAD
Level of effort used to assign subject headings 202201070905
Level of effort used to assign classification VLOAD
Level of effort used to assign subject headings 202201051645
Level of effort used to assign classification VLOAD
040 ## - CATALOGING SOURCE
Original cataloging agency SNK
Language of cataloging slo
Transcribing agency SNK
Description conventions AACR2
041 0# - LANGUAGE CODE
Language code of text/sound track or separate title slo
043 ## - GEOGRAPHIC AREA CODE
Geographic area code e-xo---
044 ## - COUNTRY OF PUBLISHING/PRODUCING ENTITY CODE
MARC country code xo
ISO country code SK
072 #7 - SUBJECT CATEGORY CODE
Subject category code 821.162.4-3
Subject category code subdivision Slovenská próza
Source konspekt
080 ## - UNIVERSAL DECIMAL CLASSIFICATION NUMBER
Universal Decimal Classification number 821.162.4-32
Edition identifier 2011
080 ## - UNIVERSAL DECIMAL CLASSIFICATION NUMBER
Universal Decimal Classification number (082.21)
Edition identifier 2011
100 1# - MAIN ENTRY--PERSONAL NAME
Personal name Šoltésová, Elena Maróthy,
Dates associated with a name 1855-1939
Relationship aut
245 10 - TITLE STATEMENT
Title Žena
Remainder of title výber z tvorby
Statement of responsibility, etc. Elena Maróthy-Šoltésová, Ľudmila Podjavorinská
260 ## - PUBLICATION, DISTRIBUTION, ETC.
Place of publication, distribution, etc. Rohovce
Name of publisher, distributor, etc. Interpopulart Slovakia
Date of publication, distribution, etc. [1999]
300 ## - PHYSICAL DESCRIPTION
Extent 120 strán
Dimensions 21 cm
490 1# - SERIES STATEMENT
Series statement Populart. Slovenská realistická próza
490 1# - SERIES STATEMENT
Series statement Študentská knižnica
655 #7 - INDEX TERM--GENRE/FORM
Genre/form data or focus term výbery
Source of term SNKPH
655 #7 - INDEX TERM--GENRE/FORM
Genre/form data or focus term slovenské poviedky
Source of term SNKPH
700 1# - ADDED ENTRY--PERSONAL NAME
Personal name Podjavorinská, Ľudmila,
Dates associated with a name 1872-1951
Relationship aut
830 #0 - SERIES ADDED ENTRY--UNIFORM TITLE
Uniform title Populart
Name of part/section of a work Slovenská realistická próza
830 #0 - SERIES ADDED ENTRY--UNIFORM TITLE
Uniform title Študentská knižnica
910 ## - USER-OPTION DATA (OCLC)
User-option data snk
942 ## - ADDED ENTRY ELEMENTS (KOHA)
Source of classification or shelving scheme Dewey Decimal Classification
Koha item type Krásna literatúra pre dospelých
Suppress in OPAC No
949 ## - LOCAL PROCESSING INFORMATION (OCLC)
6 270001000003157
a svkbbA 94677
p 613.241
949 ## - LOCAL PROCESSING INFORMATION (OCLC)
6 270001000003158
a svkbbA 94677
p 612.586
949 ## - LOCAL PROCESSING INFORMATION (OCLC)
6 270001000003159
a svkbbA 94677
p 612.585
949 ## - LOCAL PROCESSING INFORMATION (OCLC)
6 17A0378279
9 P60, <03>, [BOOK], {603}
a snkSC 111087
b snkKSP 3896/2003
s 6100:20210419
Holdings
Stav vyradenia Strata Poškodenie Spôsob nadobudnutia Domovská knižnica Aktuálna knižnica Dátum nadobudnutia Total checkouts Čiarový kód exemplára Date last seen Typ exemplára
      Dar Obecná knižnica Horná Štubňa Obecná knižnica Horná Štubňa 22.01.2026   8088834554 22.01.2026 Krásna literatúra pre dospelých
Projekt je podporený Slovenskou asociáciou knižníc
Prevádzkuje Turčianska knižnica Martin 2026